The Narcotic Drugs and Psychotropic Substances Act, 1985 (Act 61 of 1985) : (Record no. 23527)

MARC details
000 -LEADER
fixed length control field 01125nam a2200265 a 4500
005 - DATE AND TIME OF LATEST TRANSACTION
control field 20090126150509.0
008 - FIXED-LENGTH DATA ELEMENTS--GENERAL INFORMATION
fixed length control field 860905s1986 ii 000 0 eng
010 ## - LCCN (DPL NO)
LC control number ENG-92956
020 ## - INTERNATIONAL STANDARD BOOK NUMBER
Terms of availability 125.00
035 ## - SYSTEM CONTROL NUMBER
System control number EN-76489
037 ## - SOURCE OF ACQUISITION
Source of stock number/acquisition DBAD / PUB
040 ## - CATALOGING SOURCE
Original cataloging agency dpl
Language of cataloging English
043 ## - GEOGRAPHIC AREA CODE
Geographic area code a-ii---
082 ## - DEWEY DECIMAL CLASSIFICATION NUMBER
Classification number 345.540277
110 ## - MAIN ENTRY--CORPORATE NAME
Corporate name or jurisdiction name as entry element India.
240 ## - UNIFORM TITLE
Uniform title <a href="Narcotic Drugs and Psychotropic Substances Act, 1985">Narcotic Drugs and Psychotropic Substances Act, 1985</a>
245 ## - TITLE STATEMENT
Title The Narcotic Drugs and Psychotropic Substances Act, 1985 (Act 61 of 1985) :
Remainder of title with The Narcotic Drugs and Psychotropic Substances Rules, 1985
260 ## - PUBLICATION, DISTRIBUTION, ETC. (IMPRINT)
Place of publication, distribution, etc New Delhi
Name of publisher, distributor, etc Archer Publications
Date of publication, distribution, etc 2005-2006
270 ## - ADDRESS
Address 138, Sector-IV, Pocket B/8, Rohini,
City New Delhi
Postal code 110085
300 ## - PHYSICAL DESCRIPTION
Extent 178 p.
Dimensions 24 cm (pbk)
650 ## - SUBJECT ADDED ENTRY--TOPICAL TERM
Topical term or geographic name as entry element Drugs of abuse
General subdivision Law and legislation
Geographic subdivision India
General subdivision Criminal provisions.
650 ## - SUBJECT ADDED ENTRY--TOPICAL TERM
Topical term or geographic name as entry element Psychotropic drugs
General subdivision Law and legislation
Geographic subdivision India.
942 ## - ADDED ENTRY ELEMENTS (KOHA)
Source of classification or shelving scheme Dewey Decimal Classification
Item type English Books
Classification part 345.540277
Call number suffix NAR
Holdings
Withdrawn status Lost status Source of classification or shelving scheme Damaged status Not for loan Collection code Home library Current library Date acquired Source of acquisition Cost, normal purchase price Total Checkouts Full call number Barcode Date last seen Copy number Cost, replacement price Koha item type
    Dewey Decimal Classification   Not For Loan Non-fiction D.B.Act.Division D.B.Act.Division 12/02/2009 DBAD / PUB 125.00   345.540277 NAR EN-76489 12/02/2009 1 125.00 English Books

© Delhi Public Library
Hit Counter
free hit counter